| 000 | 00000nam##2200000za#4500 |
| 001 | 9.532467 |
| 003 | CaOODSP |
| 005 | 20200327080247 |
| 007 | ta |
| 008 | 150406|1999||||xxc||||| f|0| 0 fre|d |
| 020 | |a0-660-61045-0 |
| 040 | |aCaOODSP|bfre |
| 041 | |aeng |
| 041 | |afre |
| 043 | |an-cn--- |
| 086 | 1 |aBT31-4/33-1999 |
| 110 | 1 |aCanada. |bConseil du trésor. |
| 245 | 10|aTribunal de l'aviation civile du Canada |
| 260 | |aOttawa - Ontario : |bSecrétariat du Conseil du Trésor du Canada |c1999. |
| 300 | |aTexte français, 22p. : |btableaux ; |c28 cm. |
| 490 | 1 |aRapport sur le rendement pour la période se terminant le 31 mars 1999 |
| 546 | |aBilingue |
| 563 | |aCouverture souple |
| 590 | |a99-43|b1999-10-29 |
| 691 | 07|aBudget|2gcpds |
| 691 | 07|aGestion financière|2gcpds |
| 691 | 07|aProductivité|2gcpds |
| 776 | 0#|tCivil Aviation Tribunal of Canada, performance report for the period ending March 31, 1999 |w(CaOODSP)9.569042 |
| 776 | 0#|tTribunal de l'aviation civile du Canada, rapport sur le rendement pour la période se terminant le 31 mars 1999 |w(CaOODSP)9.600282 |
| 791 | |tCivil Aviation Tribunal of Canada |eeng|w(CaOODSP)9.532466 |
| 830 | #0|aRapport sur le rendement pour la période se terminant le 31 mars 1999.|w(CaOODSP)9.508977 |